000 00338nam a22001217a 4500
008 230620b xxu||||| |||| 00| 0 eng d
082 _a320.3
_bPYE 1965
110 _bPrinceton University Press
245 _aPolitical Culture and Political Development
260 _bPrinceton University Press
_c1965
300 _aIX,574p
942 _2ddc
_cBK
999 _c1536
_d1536